[Event "Wuertemberg-ch Seniors 27th"]
[Site "Freudenstadt"]
[Date "2015.07.08"]
[Round "6"]
[White "Rauer, Wilhelm"]
[Black "Gabriel, Klaus"]
[Result "1-0"]
[WhiteElo "1574"]
[BlackElo "1649"]
[PlyCount "119"]
[EventDate "2015.07.03"]
[EventType "swiss"]
[EventRounds "9"]
[EventCountry "GER"]
[SourceTitle "EXT 2016"]
[Source "ChessBase"]
[SourceDate "2015.10.08"]
[SourceVersion "1"]
[SourceVersionDate "2015.10.08"]
[SourceQuality "1"]

1. e4 d5 2. exd5 Qxd5 3. Nc3 Qa5 4. Nf3 Bf5 5. a3 c6 6. Be2 e6 7. 0-0 Nf6 8. d4 Qc7 9. h3 Nbd7 10. Bd3 Bxd3 11. Qxd3 h6 12. Re1 Bd6 13. Ne4 Nxe4 14. Rxe4 Nf6 15. Re1 0-0 16. Bd2 Rad8 17. Qc4 Nd5 18. Qb3 b6 19. c4 Nf6 20. Rad1 Rd7 21. Qc2 Rfd8 22. b4 c5 23. Bc3 Be7 24. bxc5 bxc5 25. Ne5 Rd6 26. dxc5 Rxd1 27. Rxd1 Rxd1+ 28. Qxd1 Bxc5 29. a4 Bd6 30. Qe2 Nd7 31. Nxd7 Qxd7 32. Qg4 Bf8 33. c5 Qc6 34. Bd2 Kh8 35. Be3 Bxc5 36. Bxc5 Qxc5 37. Qe4 a5 38. Qa8+ Kh7 39. Qe4+ g6 40. g3 Kg7 41. Kg2 Qd5 42. Kf3 Qb3+ 43. Kg2 g5 44. Qe5+ Kg6 45. Qxa5 Qd5+ 46. Qxd5 exd5 47. Kf3 Kf6 48. Ke3 Ke5 49. f4+ gxf4+ 50. gxf4+ Kd6 51. Kd4 f6 52. a5 Kc6 53. a6 Kb6 54. Kxd5 Kxa6 55. Ke6 Kb7 56. Kxf6 Kc7 57. Ke6 Kd8 58. Kf7 h5 59. f5 h4 60. f6 1-0

[Event "Wuerttemberg-ch Seniors op 26th"]
[Site "Freudenstadt"]
[Date "2014.07.24"]
[Round "9"]
[White "Rauer, Wilhelm"]
[Black "Braun, Gerhard"]
[Result "1-0"]
[WhiteElo "1604"]
[BlackElo "1662"]
[PlyCount "55"]
[EventDate "2014.07.16"]
[EventType "swiss"]
[EventRounds "9"]
[EventCountry "GER"]
[SourceTitle "EXT 2019"]
[Source "ChessBase"]
[SourceDate "2018.10.10"]
[SourceVersion "1"]
[SourceVersionDate "2018.10.10"]
[SourceQuality "1"]

1. e4 d6 2. Nf3 e6 3. Nc3 g6 4. d4 Nf6 5. Bd3 b6 6. 0-0 Bb7 7. Re1 Bg7 8. Bg5 Qc8 9. Qd2 0-0 10. Bh6 Qd7 11. Bxg7 Kxg7 12. e5 dxe5 13. Nxe5 Qd8 14. Ne2 Nc6 15. c3 Nxe5 16. dxe5 Ne4 17. Qe3 Nc5 18. Rad1 Nxd3 19. Rxd3 Qc8 20. Red1 c5 21. Qg5 Kg8 22. h4 Ba6 23. h5 Bxd3 24. Rxd3 f6 25. exf6 Rf7 26. hxg6 hxg6 27. Qxg6+ Kf8 28. Rh3 1-0

[Event "Wuerttemberg-ch Seniors op 26th"]
[Site "Freudenstadt"]
[Date "2014.07.23"]
[Round "8"]
[White "Rauer, Wilhelm"]
[Black "Gabriel, Klaus"]
[Result "1-0"]
[WhiteElo "1604"]
[BlackElo "1686"]
[PlyCount "80"]
[EventDate "2014.07.16"]
[EventType "swiss"]
[EventRounds "9"]
[EventCountry "GER"]
[SourceTitle "EXT 2019"]
[Source "ChessBase"]
[SourceDate "2018.10.10"]
[SourceVersion "1"]
[SourceVersionDate "2018.10.10"]
[SourceQuality "1"]

1. e4 d5 2. e5 Bf5 3. d4 e6 4. Nf3 c5 5. Bd3 Bxd3 6. Qxd3 Qb6 7. c3 Nc6 8. 0-0 cxd4 9. cxd4 Nge7 10. Nc3 Ng6 11. Rb1 Be7 12. a3 0-0 13. b4 Qd8 14. b5 Na5 15. a4 Nc4 16. Ne2 f6 17. exf6 Bxf6 18. Ng3 Nh4 19. Nxh4 Bxh4 20. Re1 Qd7 21. Qe2 Rae8 22. Nh1 Bf6 23. Qg4 Kh8 24. Ng3 g6 25. Bh6 Rf7 26. Bf4 Bxd4 27. Be3 Nxe3 28. Qxd4+ e5 29. Qxe3 d4 30. Qd3 Qd8 31. Ne4 b6 32. Nd2 Qf6 33. Re2 Ref8 34. Nf3 Qe6 35. Ng5 Qf5 36. Nxf7+ Rxf7 37. Qxf5 Rxf5 38. Rd1 Kg7 39. f3 Kf6 40. Kf2 Ke6 1-0

[Event "Wuerttemberg-ch Seniors 15th"]
[Site "Ellwangen"]
[Date "2003.04.18"]
[Round "8"]
[White "Sievers, Hermann"]
[Black "Rauer, Wilhelm"]
[Result "0-1"]
[WhiteElo "1043"]
[BlackElo "1421"]
[PlyCount "43"]
[EventDate "2003.04.??"]
[EventType "swiss"]
[EventRounds "9"]
[EventCountry "GER"]
[SourceTitle "EXT 2006"]
[Source "ChessBase"]
[SourceDate "2005.11.24"]
[SourceVersion "1"]
[SourceVersionDate "2005.11.24"]
[SourceQuality "1"]

1. e4 e5 2. Nf3 Nc6 3. d4 exd4 4. c3 dxc3 5. Nxc3 Bb4 6. Bc4 Bxc3+ 7. bxc3 d6 8. 0-0 Nf6 9. h3 0-0 10. Re1 h6 11. Ba3 Re8 12. Bd3 Ne5 13. Bb2 b6 14. c4 Nxd3 15. Qxd3 Bb7 16. Bxf6 Qxf6 17. Rad1 Re7 18. Re2 Rae8 19. Rde1 Qe6 20. Nd2 Qg6 21. Qb3 a6 22. a4 0-1

[Event "Wuerttemberg-ch Seniors 15th"]
[Site "Ellwangen"]
[Date "2003.04.14"]
[Round "4"]
[White "Peter, Walter"]
[Black "Rauer, Wilhelm"]
[Result "1-0"]
[WhiteElo "1623"]
[BlackElo "1421"]
[PlyCount "53"]
[EventDate "2003.04.??"]
[EventType "swiss"]
[EventRounds "9"]
[EventCountry "GER"]
[SourceTitle "EXT 2006"]
[Source "ChessBase"]
[SourceDate "2005.11.24"]
[SourceVersion "1"]
[SourceVersionDate "2005.11.24"]
[SourceQuality "1"]

1. e4 e5 2. f4 exf4 3. Nf3 d6 4. d4 Nf6 5. Bd3 Be7 6. 0-0 Bg4 7. Bxf4 Nh5 8. Be3 Nd7 9. Nc3 c6 10. Qd2 0-0 11. h3 Bxf3 12. Rxf3 Nhf6 13. g4 Nxg4 14. hxg4 Nf6 15. Qg2 Qd7 16. Rg3 Rae8 17. Qh3 d5 18. e5 Ne4 19. Nxe4 dxe4 20. Bxe4 g6 21. Qh6 Kh8 22. Kg2 f5 23. gxf5 Rxf5 24. Rxg6 Rg5+ 25. Rxg5 Bxg5 26. Bxg5 Qg4+ 27. Kf2 1-0

[Event "Wuerttemberg-ch Seniors 13th"]
[Site "Ellwangen"]
[Date "2001.??.??"]
[Round "2"]
[White "Wittelsberger, Helmut"]
[Black "Rauer, Wilhelm"]
[Result "1-0"]
[WhiteElo "1864"]
[BlackElo "1522"]
[PlyCount "85"]
[EventDate "2001.04.??"]
[EventType "swiss"]
[EventRounds "9"]
[EventCountry "GER"]
[SourceTitle "EXT 2006"]
[Source "ChessBase"]
[SourceDate "2005.11.24"]
[SourceVersion "1"]
[SourceVersionDate "2005.11.24"]
[SourceQuality "1"]

1. e4 e5 2. Nf3 Nc6 3. d4 exd4 4. c3 Nf6 5. e5 Ng8 6. cxd4 Bb4+ 7. Nc3 Nge7 8. Bd3 Nd5 9. Qc2 Ba5 10. a3 Nxc3 11. bxc3 Bb6 12. 0-0 Ne7 13. Be3 d6 14. exd6 cxd6 15. Rfe1 Qc7 16. Bg5 Be6 17. Bxe7 Qxe7 18. d5 0-0-0 19. dxe6 fxe6 20. Rxe6 Qc7 21. Rae1 Kb8 22. Re7 Qc5 23. Rxg7 Qxa3 24. Ree7 d5 25. Rxb7+ Ka8 26. Rbe7 Rhe8 27. Rxe8 Rxe8 28. Bf1 Rc8 29. Qd3 Qc5 30. Qd2 Qa5 31. Rxh7 Rxc3 32. Rh8+ Kb7 33. Rh7+ Rc7 34. Rxc7+ Bxc7 35. Qxa5 Bxa5 36. h4 Bc3 37. Bd3 a5 38. Bc2 d4 39. Kf1 d3 40. Bxd3 a4 41. Bc4 Kb6 42. Ke2 Kc5 43. Kd3 1-0